000 00487nam a2200181Ia 4500
003 GCL
008 140319s9999 xx 000 0 ara d
040 _aGCL /
_cGCL
082 0 4 _a813.03
_bى ب
100 1 _aيوسف فرنسيس
245 1 0 _aباريس الالف وجة /
_cيوسف فرنسيس
260 _a[S.N] :
_bمكتبة مدبولى
300 _a126 ص
490 _a
650 0 4 _aالادب العربى
650 0 4 _aالقصة العربية
942 _2ddc
_cBK
999 _c29654
_d29654